000 00905nmb a2200265uu 4500
001 13283
003 HDC
007 cr aa aaaau
008 210212p2008 my ||||| |||| 00| 0 eng d
022 _a1511-2780
040 _aHDC
100 _aAhmad Tarmizi Hashim
_eauthor
_914055
245 0 _aMultiplication of oil palm liquid cultures in bioreactors / by
_cAhmad Tarmizi Hashim
260 _aKuala Lumpur :
_bMalaysian Palm Oil Board,
_c2008
300 _a1 online resource (7 pages)
336 _atext
_2rdacontent
337 _acomputer
_2rdamedia
338 _aonline resource
_2rdacarrier
650 _abioreactors
_914056
650 _aoil palm liquid
_914057
856 _zRequest full-text at [email protected]
942 _2lcc
942 _cAR
942 _kJART 001486
999 _c10599
_d10599